Quick Pick: Real or Fake Roman Emperors Quiz Stats

 Plays Quiz Updated Mar 16, 2018

Challenge
Share
Tweet
Embed
Score 0/10 Timer 01:00
1 Play Today
% Correct
Augustus
97.4%
Claudius
92.4%
Nero
92.2%
Caligula
90.1%
Tiberius
88.4%
Marcus Aurelius
85.6%
Hadrian
77.5%
Titus
75.1%
Commodus
63.4%
Valentinian
45.1%

Today's Daily Dose

You're not logged in!

Compare scores with friends on all Sporcle quizzes.
Join for Free
OR
Log In

You Might Also Like...

Show Comments

Extras

Top Quizzes Today


Score Distribution

Your Account Isn't Verified!

In order to create a playlist on Sporcle, you need to verify the email address you used during registration. Go to your Sporcle Settings to finish the process.

Report this User

Report this user for behavior that violates our Community Guidelines.

Details: